00386nam a2200145Ia 4500008004100000020001400041041000800055082001600063100003900079245004900118250000600167260004600173300001200219650000900231210716s1994 xx 000 0 und d a877090416 aeng a004.68 RAIA aRains, Alvin L; Palmer, Michael J. aLocal area networking with novell software. a2 aUSAbBoyd and fraser publishing co.c1994 axvi,393 aNone